Gaming Quiz

Random Gaming Quiz

Name the halo species Quiz Stats

 Plays Quiz not verified by Sporcle

Score 0/9 Timer 20:00
0 Plays Today
Hint Answer % Correct
UnggoyGrunt
97.9%
Kig-YarJackal
95.7%
JiralhanaeBrute
93.6%
Homo-SapienHuman
93.6%
SangheiliElite
91.5%
San 'ShyuumProphet
89.4%
LokgoloHunter
85.1%
Artificial IntelligenceAI
78.7%
Yanme'eDrone
70.2%

You're not logged in!

Compare scores with friends on all Sporcle quizzes.
OR
Log In

Sporcle TV

Today on Sporcle TV


Watch our educational content, quiz creation guides, and fun videos on Sporcle TV.

Show Comments

Extras

Created Jan 15, 2015ReportNominate
Tags:halo

Top Quizzes Today


Score Distribution

Your Account Isn't Verified!

In order to create a playlist on Sporcle, you need to verify the email address you used during registration. Go to your Sporcle Settings to finish the process.

Report this User

Report this user for behavior that violates our Community Guidelines.

Details: